书目信息 |
| 题名: |
李劼人研究
|
|
| 作者: | 易艾迪 主编 ;成都市李劼人故居纪念馆 , 李劼人研究学会 编 | |
| 分册: | ||
| 出版信息: | 成都 四川文艺出版社 2019 |
|
| 页数: | 453页 | |
| 开本: | 23cm | |
| 丛书名: | ||
| 单 册: | ||
| 中图分类: | K825.6=72 | |
| 科图分类: | ||
| 主题词: | ||
| 电子资源: | ||
| ISBN: | 978-7-5411-5308-2 | |
| 000 | 00970nam0 2200277 450 | |
| 001 | 012001007319 | |
| 005 | 20191023154716.25 | |
| 010 | @a978-7-5411-5308-2@dCNY68.00 | |
| 100 | @a20190708d2019 em y0chiy50 ea | |
| 101 | 0 | @achi |
| 102 | @aCN@b510000 | |
| 105 | @aa z 000yd | |
| 106 | @ar | |
| 200 | 1 | @a李劼人研究@9li jie ren yan jiu@b专著@f成都市李劼人故居纪念馆,李劼人研究学会编 |
| 205 | @a2版 | |
| 210 | @a成都@c四川文艺出版社@d2019 | |
| 215 | @a453页@c图@d23cm | |
| 314 | @a主编:易艾迪 | |
| 330 | @a本书包括李劼人佚文(作品、书信、讲话稿等),新近研究李劼人的代表性论文、学术随笔、李劼人回忆与追缅等。 | |
| 600 | 0 | @a李劼人@f(1891-1962)@x人物研究@j文集 |
| 690 | @aK825.6=72@v5 | |
| 701 | 0 | @a易艾迪@9yi ai di@4主编 |
| 712 | 02 | @a成都市李劼人故居纪念馆@9cheng dou shi li jie ren gu ju ji nian guan@4编 |
| 712 | 02 | @a李劼人研究学会@9li jie ren yan jiu xue hui@4编 |
| 801 | 2 | @aCN@b上海新华@c20191020 |
| 905 | @b1176547-50@dK825.6=72@e1242=2@f4 | |
| 李劼人研究/成都市李劼人故居纪念馆,李劼人研究学会编.-2版.-成都:四川文艺出版社,2019 |
| 453页:图;23cm |
| ISBN 978-7-5411-5308-2:CNY68.00 |
| 本书包括李劼人佚文(作品、书信、讲话稿等),新近研究李劼人的代表性论文、学术随笔、李劼人回忆与追缅等。 |
| ● |
| 相关链接 |
|
|
|
|
正题名:李劼人研究
索取号:K825.6=72/1242=2
 
预约/预借
| 序号 | 登录号 | 条形码 | 馆藏地/架位号 | 状态 | 备注 |
| 1 | 1176547 | 211765473 | 第二样本阅览室/ [索取号:K825.6=72/1242=2] | 在馆 | |
| 2 | 1176548 | 211765482 | 第二借阅区/ [索取号:K825.6=72/1242=2] | 在馆 | |
| 3 | 1176549 | 211765491 | 第二借阅区/ [索取号:K825.6=72/1242=2] | 在馆 | |
| 4 | 1176550 | 211765507 | 第二借阅区/ [索取号:K825.6=72/1242=2] | 在馆 |